<?xml version="1.0" encoding="UTF-8"?>
<record
    xmlns:xsi="http://www.w3.org/2001/XMLSchema-instance"
    xsi:schemaLocation="http://www.loc.gov/MARC21/slim http://www.loc.gov/standards/marcxml/schema/MARC21slim.xsd"
    xmlns="http://www.loc.gov/MARC21/slim">

  <leader>006070000a22001570004500</leader>
  <datafield tag="090" ind1=" " ind2=" ">
    <subfield code="a">AS</subfield>
    <subfield code="b">Seriadas</subfield>
  </datafield>
  <datafield tag="245" ind1="1" ind2="0">
    <subfield code="a">Esquemas de distribuci&#xF3;n espacial en la comunidad bent&#xF3;nica de arrecifes coralinos continentales y ace&#xE1;nicos del Caribe colombiano</subfield>
  </datafield>
  <datafield tag="041" ind1="0" ind2=" ">
    <subfield code="a">Espa&#xF1;ol</subfield>
  </datafield>
  <datafield tag="700" ind1="1" ind2=" ">
    <subfield code="a">S&#xE1;nchez, Juan Armando</subfield>
    <subfield code="9">83651</subfield>
  </datafield>
  <datafield tag="700" ind1="1" ind2=" ">
    <subfield code="a">Zea, Sven</subfield>
    <subfield code="9">3756</subfield>
  </datafield>
  <datafield tag="700" ind1="1" ind2=" ">
    <subfield code="a">D&#xED;az, Juan M.</subfield>
    <subfield code="9">97951</subfield>
  </datafield>
  <datafield tag="700" ind1="1" ind2=" ">
    <subfield code="a">Garz&#xF3;n Ferreira, Jaime</subfield>
    <subfield code="9">3758</subfield>
  </datafield>
  <datafield tag="100" ind1="1" ind2=" ">
    <subfield code="a">D&#xED;az Pulido, Guillermo</subfield>
    <subfield code="9">3757</subfield>
  </datafield>
  <datafield tag="942" ind1=" " ind2=" ">
    <subfield code="c">ARTICULO</subfield>
  </datafield>
  <datafield tag="773" ind1="1" ind2=" ">
    <subfield code="t">Revista de la Academia Colombiana de Ciencias Exacta, F&#xED;sicas y Naturales</subfield>
    <subfield code="h">108</subfield>
    <subfield code="q">337-347</subfield>
    <subfield code="d">2004</subfield>
    <subfield code="g">28</subfield>
  </datafield>
  <datafield tag="999" ind1=" " ind2=" ">
    <subfield code="c">16064</subfield>
    <subfield code="d">16064</subfield>
  </datafield>
</record>
